[Event "M.Chigorin Memorial 2017 "]
[Site "?????-?????????"]
[Date "2017.10.26"]
[Round "6"]
[Board "148"]
[White "Shemakhanov, Danila"]
[Black "Efremov, Vladislav"]
[Result "0-1"]
[WhiteElo "1542"]
[BlackElo "1953"]
[PlyCount "112"]
[EventDate "2017.10.21"]
[EventRounds "9"]
[EventCountry "RUS"]

1. d4 d5 2. c4 e6 3. Nc3 c6 4. e4 dxe4 5. Nxe4 Bb4+ 6. Bd2 Qxd4 7. Bxb4 Qxe4+
8. Ne2 Na6 9. Bc3 f6 10. f3 Qxc4 11. Nd4 Qd5 12. Bxa6 bxa6 13. Qa4 Ne7 14.
O-O-O O-O 15. Rhe1 Qg5+ 16. Kb1 c5 17. Nxe6 Qf5+ 18. Ka1 Bxe6 19. Rd6 Nd5 20.
Rdxe6 Nxc3 21. bxc3 Qd3 22. R6e3 Qb5 23. Qc2 Rfe8 24. Qb3+ Qxb3 25. Rxe8+ Rxe8
26. Rxe8+ Kf7 27. axb3 Kxe8 28. Ka2 c4 29. b4 Kd7 30. Ka3 Kc6 31. Ka4 Kb6 32.
f4 f5 33. h3 h6 34. g4 g6 35. gxf5 gxf5 36. h4 h5 37. Ka3 Kb5 38. Kb2 a5 39.
bxa5 Kxa5 40. Ka3 Kb5 41. Kb2 a6 42. Ka3 a5 43. Kb2 Kc5 44. Ka3 Kd5 45. Ka4 Ke4
46. Kb5 Kd3 47. Kc5 Kxc3 48. Kd6 a4 49. Ke5 a3 50. Kf6 a2 51. Kg7 a1=Q 52. Kh6
Kd3 53. Kg6 c3 54. Kh6 c2 55. Kg6 c1=Q 56. Kh7 Qc7+  0-1

[Event "M.Chigorin Memorial 2017 "]
[Site "?????-?????????"]
[Date "2017.10.26"]
[Round "6"]
[Board "149"]
[White "Stepanyan, Eva"]
[Black "Khochinsky, Andrey"]
[Result "1-0"]
[WhiteElo "1952"]
[BlackElo "1803"]
[PlyCount "81"]
[EventDate "2017.10.21"]
[EventRounds "9"]
[EventCountry "RUS"]

1. e4 c5 2. Nf3 d6 3. d4 cxd4 4. Nxd4 Nf6 5. Nc3 a6 6. Be2 e5 7. Nf5 Bxf5 8.
exf5 d5 9. Bg5 d4 10. Bxf6 Qxf6 11. Nd5 Qd6 12. Bf3 Nd7 13. Qe2 Nf6 14. Nxf6+
gxf6 15. O-O Rb8 16. Rad1 Bg7 17. Rd3 O-O 18. Be4 Rfd8 19. Rg3 b5 20. Qg4 Qf8
21. Qh4 Kh8 22. Bd3 Qe7 23. Rh3 h6 24. Qe4 Qb7 25. Qe2 Re8 26. Be4 Qc7 27. Qd2
Kh7 28. g4 Qe7 29. g5 Qf8 30. Kh1 Qd6 31. Rg1 b4 32. f3 a5 33. Qg2 Qf8 34. Qd2
Red8 35. gxh6 Bxh6 36. Rg4 d3 37. Rgh4 Qg7 38. Rxh6+ Kg8 39. Rg3 dxc2 40. Qxc2
Rdc8 41. Qf2  1-0

[Event "M.Chigorin Memorial 2017 "]
[Site "?????-?????????"]
[Date "2017.10.26"]
[Round "6"]
[Board "150"]
[White "Rudikov, Dmitry"]
[Black "Pankova, Julia"]
[Result "1-0"]
[WhiteElo "1943"]
[BlackElo "1785"]
[PlyCount "93"]
[EventDate "2017.10.21"]
[EventRounds "9"]
[EventCountry "RUS"]

1. d4 Nf6 2. c4 e6 3. g3 d5 4. Bg2 Be7 5. Nf3 O-O 6. O-O dxc4 7. Qc2 a6 8. a4
Nc6 9. Qxc4 Rb8 10. Bf4 Nd5 11. Nc3 Na5 12. Qd3 Nb4 13. Qd1 b6 14. Na2 Bb7 15.
Nxb4 Bxb4 16. Qc2 Rc8 17. Ng5 g6 18. Bxb7 Nxb7 19. Rfd1 Be7 20. Nf3 Bf6 21. Qc4
a5 22. Qc6 Qd5 23. Rac1 Rfe8 24. e3 Re7 25. Qxd5 exd5 26. Rc6 Re6 27. Rxc7 Rxc7
28. Bxc7 Rc6 29. Be5 Be7 30. g4 Nd6 31. Bxd6 Bxd6 32. Ne1 Rc4 33. Ra1 f6 34.
Kf1 Kf7 35. h3 Ke6 36. Nd3 Kf7 37. Ke2 Ke6 38. b3 Rc2+ 39. Kd1 Rc3 40. Rc1
Rxc1+ 41. Kxc1 Kd7 42. f3 Ke6 43. e4 Be7 44. Kd2 g5 45. Nf2 Bd6 46. Kd3 Be7 47.
Nd1  1-0

[Event "M.Chigorin Memorial 2017 "]
[Site "?????-?????????"]
[Date "2017.10.26"]
[Round "6"]
[Board "151"]
[White "Nikitin, Vladimir"]
[Black "Ismagilov, Igor"]
[Result "0-1"]
[WhiteElo "1925"]
[BlackElo "1720"]
[PlyCount "96"]
[EventDate "2017.10.21"]
[EventRounds "9"]
[EventCountry "RUS"]

1. Nf3 Nf6 2. g3 b5 3. Bg2 Bb7 4. O-O e6 5. d3 Be7 6. Nbd2 O-O 7. e4 c5 8. Re1
Nc6 9. Nf1 d5 10. e5 Nd7 11. h4 h6 12. Bf4 a5 13. N1h2 Re8 14. Qc1 Bf8 15. Ng4
Ne7 16. c3 Ng6 17. Bd2 Ra6 18. Qd1 c4 19. d4 b4 20. h5 bxc3 21. hxg6 cxd2 22.
gxf7+ Kxf7 23. Nxd2 Bb4 24. Re3 Rf8 25. Nxc4 Rc6 26. Na3 Bxa3 27. Rxa3 Rc4 28.
Ne3 Rb4 29. Rb3 Qb6 30. Rxb4 Qxb4 31. Bh3 Qe7 32. Rc1 Nb6 33. Qh5+ Kg8 34. Qg6
Bc8 35. Rc6 Qb4 36. Bxe6+ Bxe6 37. Qxe6+ Kh8 38. Rc2 Qe1+ 39. Nf1 Nc4 40. Qh3
Qd1 41. Rc3 Qxd4 42. Qg2 Nxe5 43. Re3 Kh7 44. b3 Rf6 45. Re2 Nf3+ 46. Kh1 Qg4
47. Nh2 Nxh2 48. Rd2 Nf3  0-1

[Event "M.Chigorin Memorial 2017 "]
[Site "?????-?????????"]
[Date "2017.10.26"]
[Round "6"]
[Board "152"]
[White "Serov, Aleksandr"]
[Black "Nuritdinov, Nizomitdin"]
[Result "1/2-1/2"]
[WhiteElo "1456"]
[BlackElo "1924"]
[PlyCount "98"]
[EventDate "2017.10.21"]
[EventRounds "9"]
[EventCountry "RUS"]

1. d4 d5 2. c4 e6 3. Nc3 Nf6 4. cxd5 exd5 5. Bg5 c6 6. e3 h6 7. Bh4 Be7 8. Nf3
Bg4 9. h3 Bh5 10. Be2 Nbd7 11. O-O O-O 12. Re1 Re8 13. Rb1 Bg6 14. Bd3 Ne4 15.
Bxe7 Qxe7 16. Bxe4 dxe4 17. Nd2 Rad8 18. b4 f5 19. b5 Nb6 20. bxc6 bxc6 21. Nb3
Bf7 22. Qc1 Qd6 23. Nc5 Re7 24. a4 Rb8 25. a5 Nd7 26. N3a4 Rb5 27. Nxd7 Rxd7
28. Nc5 Re7 29. a6 Bd5 30. Nb7 Qd7 31. Qa3 Kh7 32. Nd6 Rxb1 33. Rxb1 Re6 34.
Nxf5 Rg6 35. Ng3 h5 36. Rb7 Qc8 37. Qe7 c5 38. Rc7 Qxa6 39. Rxa7 Qd3 40. Qxc5
h4 41. Qxd5 hxg3 42. Qh5+ Rh6 43. Qf5+ Rg6 44. Ra1 Qc3 45. Rf1 Qd3 46. h4 Kh6
47. Qf4+ Kh7 48. h5 gxf2+ 49. Rxf2 Rf6  1/2-1/2

[Event "M.Chigorin Memorial 2017 "]
[Site "?????-?????????"]
[Date "2017.10.26"]
[Round "6"]
[Board "153"]
[White "Schetchikov, Vladimir"]
[Black "Chekletsova, Darya"]
[Result "1/2-1/2"]
[WhiteElo "1916"]
[BlackElo "1636"]
[PlyCount "81"]
[EventDate "2017.10.21"]
[EventRounds "9"]
[EventCountry "RUS"]

1. b3 b6 2. Nf3 Bb7 3. g3 Nf6 4. Bg2 g6 5. Bb2 Bg7 6. O-O O-O 7. d4 d6 8. Nbd2
Nbd7 9. c4 e6 10. Qc2 c5 11. Rad1 cxd4 12. Nxd4 Bxg2 13. Kxg2 d5 14. f3 Rc8 15.
Qb1 e5 16. Nb5 a6 17. Nc3 d4 18. Nce4 Nxe4 19. Nxe4 Nc5 20. Nxc5 bxc5 21. e3
Qb6 22. exd4 exd4 23. Rfe1 Rfe8 24. Re4 Qb8 25. Rde1 f5 26. R4e2 Rxe2+ 27. Rxe2
Re8 28. Qe1 Rxe2+ 29. Qxe2 Qd6 30. Qe8+ Bf8 31. Bc1 Qe7 32. Qxe7 Bxe7 33. Kf2
Kf7 34. Ke2 Ke6 35. Bf4 Bd8 36. Kd3 Ba5 37. Bd2 Bxd2 38. Kxd2 a5 39. Kd3 Kd6
40. f4 Kc6 41. a4  1/2-1/2

[Event "M.Chigorin Memorial 2017 "]
[Site "?????-?????????"]
[Date "2017.10.26"]
[Round "6"]
[Board "154"]
[White "Kairbekova, Amina"]
[Black "Moskaleva, Arina"]
[Result "0-1"]
[WhiteElo "1916"]
[BlackElo "1536"]
[PlyCount "104"]
[EventDate "2017.10.21"]
[EventRounds "9"]
[EventCountry "RUS"]

1. e4 c5 2. Nf3 d6 3. d4 cxd4 4. Nxd4 Nf6 5. Nc3 a6 6. Be2 g6 7. Be3 Bg7 8. f3
Nc6 9. Qd2 Bd7 10. O-O-O Rc8 11. Kb1 b5 12. g4 b4 13. Nd5 a5 14. Ba6 Nxd5 15.
exd5 Ne5 16. Bxc8 Qxc8 17. Bf4 Nc4 18. Qd3 O-O 19. Nc6 Na3+ 20. bxa3 Bxc6 21.
dxc6 bxa3 22. Kc1 Qxc6 23. Kd2 Rc8 24. h4 Qa4 25. Be3 Bc3+ 26. Qxc3 Rxc3 27.
Kxc3 Qc6+ 28. Kd2 Qxf3 29. Rb1 Qxg4 30. Rhg1 Qxh4 31. Rh1 Qc4 32. Rb8+ Kg7 33.
Bh6+ Kf6 34. Rh3 Qd5+ 35. Rd3 Qg2+ 36. Kc3 Qh1 37. Be3 Kg7 38. Bd4+ e5 39. Be3
d5 40. Bc5 Qe1+ 41. Rd2 d4+ 42. Kd3 Qe3+ 43. Kc4 Qxd2 44. Bf8+ Kf6 45. Kd5 Qxc2
46. Re8 Qxa2+ 47. Kd6 Qc4 48. Bh6 a2 49. Rxe5 Qe6+ 50. Rxe6+ fxe6 51. Bf4 a1=Q
52. Be5+ Kf5  0-1

[Event "M.Chigorin Memorial 2017 "]
[Site "?????-?????????"]
[Date "2017.10.26"]
[Round "6"]
[Board "155"]
[White "Yakovlev, Yuri S."]
[Black "Astakhov, Dmitrii"]
[Result "1/2-1/2"]
[WhiteElo "1876"]
[BlackElo "1490"]
[PlyCount "106"]
[EventDate "2017.10.21"]
[EventRounds "9"]
[EventCountry "RUS"]

1. e4 c6 2. d4 d5 3. e5 Bf5 4. g4 Bd7 5. Be3 e6 6. c3 Qc7 7. Nf3 c5 8. Qd2 Nc6
9. Be2 cxd4 10. cxd4 Bb4 11. Nc3 Nge7 12. O-O h5 13. g5 O-O-O 14. Rfc1 Kb8 15.
a3 Bxc3 16. Rxc3 Nf5 17. b4 Qb6 18. Rc5 Nce7 19. a4 Rc8 20. a5 Qd8 21. Rxc8+
Bxc8 22. b5 Nxe3 23. Qxe3 Nf5 24. Qc3 f6 25. b6 a6 26. Rc1 fxg5 27. Bd3 g4 28.
Ng5 Rf8 29. Qc7+ Qxc7 30. bxc7+ Ka7 31. Bxf5 Rxf5 32. Nxe6 Bxe6 33. c8=Q Bxc8
34. Rxc8 Rf4 35. e6 Re4 36. Rd8 Rxe6 37. Rxd5 g6 38. Kg2 Kb8 39. f4 gxf3+ 40.
Kxf3 Kc7 41. Rc5+ Rc6 42. Re5 Kd7 43. Kf4 Rc4 44. Ke4 Rc2 45. Rg5 Rxh2 46. Rxg6
Rh4+ 47. Kd5 Rg4 48. Rh6 Rg5+ 49. Kc4 Rxa5 50. Rh7+ Kd6 51. Rh6+ Kd7 52. Rh7+
Ke6 53. d5+ Kd6  1/2-1/2

[Event "M.Chigorin Memorial 2017 "]
[Site "?????-?????????"]
[Date "2017.10.26"]
[Round "6"]
[Board "156"]
[White "Sakalli, Selcuk Orkun"]
[Black "Tskhadadze, Anna"]
[Result "0-1"]
[WhiteElo "1699"]
[BlackElo "2073"]
[PlyCount "76"]
[EventDate "2017.10.21"]
[EventRounds "9"]
[EventCountry "RUS"]

1. d4 d5 2. c4 e6 3. Nc3 Nf6 4. Bg5 Be7 5. e3 Nbd7 6. Nf3 O-O 7. Qc2 b6 8. cxd5
exd5 9. Bd3 Bb7 10. O-O Re8 11. Ne5 h6 12. Nxd7 Qxd7 13. Bh4 c5 14. Rfd1 Bc6
15. Bf5 Qb7 16. a4 c4 17. b3 cxb3 18. Qxb3 g6 19. Bd3 Qd7 20. a5 bxa5 21. Rxa5
Reb8 22. Qc2 Kg7 23. Bg3 Bd6 24. Bxd6 Qxd6 25. Rda1 Rb7 26. Qa2 h5 27. Bc2 Rab8
28. Rb1 Ng4 29. g3 Qf6 30. Bd3 Rxb1+ 31. Bxb1 Qf3 32. Rxa7 h4 33. Bd3 hxg3 34.
hxg3 Rh8 35. Rxf7+ Qxf7 36. f4 Nxe3 37. Qe2 Qe8 38. Nb5 Nf5  0-1

[Event "M.Chigorin Memorial 2017 "]
[Site "?????-?????????"]
[Date "2017.10.26"]
[Round "6"]
[Board "157"]
[White "Nikonov, Alexej"]
[Black "Makeev, Konstantin"]
[Result "1-0"]
[WhiteElo "2052"]
[BlackElo "1688"]
[PlyCount "155"]
[EventDate "2017.10.21"]
[EventRounds "9"]
[EventCountry "RUS"]

1. d4 g6 2. g3 Bg7 3. Bg2 Nf6 4. Nf3 O-O 5. Bg5 h6 6. Bf4 d6 7. h4 Nh5 8. Qd2
Nxf4 9. gxf4 Nd7 10. h5 e5 11. hxg6 fxg6 12. fxe5 dxe5 13. dxe5 Nxe5 14. Nxe5
Qxd2+ 15. Nxd2 Bxe5 16. c3 Kg7 17. Be4 c6 18. Nf3 Bf5 19. Bxf5 Rxf5 20. Rd1 Bf4
21. Rd7+ Rf7 22. Rxf7+ Kxf7 23. e3 Bd6 24. Rxh6 Kg7 25. Rh4 Kf6 26. Rd4 Be7 27.
Rd7 Rb8 28. Ke2 Ke6 29. Rd4 g5 30. Rg4 Kf5 31. Rg1 c5 32. Rd1 Rd8 33. Rxd8 Bxd8
34. c4 Bf6 35. b3 g4 36. Ne1 Bc3 37. Nd3 b6 38. Nf4 Ke4 39. Nd5 Be5 40. Ne7 a6
41. a4 Bf6 42. Nd5 Bd8 43. Nc3+ Kf5 44. f3 gxf3+ 45. Kxf3 Ke5 46. Kg4 Bf6 47.
Kf3 Bg5 48. Ke2 Bh4 49. Kd3 Bg5 50. Ne4 Bh4 51. a5 Bd8 52. axb6 Bxb6 53. Nc3
Bd8 54. Na4 Be7 55. Nb6 Bd8 56. Nd5 Ba5 57. Nc3 Bd8 58. Nd1 Bh4 59. Ke2 Ke4 60.
Nb2 Bf6 61. Nd3 Be7 62. Nf2+ Kf5 63. Kf3 Bg5 64. e4+ Ke5 65. Nd1 Bd2 66. Ke2
Bg5 67. Kd3 Bc1 68. Ne3 Bb2 69. Nd5 a5 70. Ne7 Kd6 71. Ng6 Bd4 72. Ke2 Ke6 73.
Kf3 Kf6 74. Nf4 Ke5 75. Nd3+ Ke6 76. Kf4 Bg1 77. e5 Bd4 78. Ke4  1-0

[Event "M.Chigorin Memorial 2017 "]
[Site "?????-?????????"]
[Date "2017.10.26"]
[Round "6"]
[Board "158"]
[White "Khlopushin, Dmitriy"]
[Black "Kuizhev, Adam"]
[Result "1-0"]
[WhiteElo "1668"]
[BlackElo "1911"]
[PlyCount "57"]
[EventDate "2017.10.21"]
[EventRounds "9"]
[EventCountry "RUS"]

1. e4 c6 2. d4 d5 3. Nc3 dxe4 4. Nxe4 Bf5 5. Ng3 Bg6 6. N1e2 e6 7. Nf4 Bd6 8.
Bc4 Nf6 9. O-O O-O 10. Re1 Nd5 11. Nxg6 hxg6 12. Bb3 Nd7 13. c4 N5f6 14. c5 Bc7
15. Bg5 Qb8 16. Qf3 e5 17. Qd3 Kh7 18. Nf1 a5 19. a4 b6 20. Rac1 bxc5 21. dxc5
Qc8 22. Rc4 e4 23. Qh3+ Kg8 24. Qh4 Re8 25. Rc3 Be5 26. Rh3 Kf8 27. Rxe4 Bxh2+
28. Rxh2 Rxe4 29. Qxe4  1-0

[Event "M.Chigorin Memorial 2017 "]
[Site "?????-?????????"]
[Date "2017.10.26"]
[Round "6"]
[Board "159"]
[White "Pavlov, Mark"]
[Black "Pitkanen, Juhani"]
[Result "1-0"]
[WhiteElo "1909"]
[BlackElo "1657"]
[PlyCount "75"]
[EventDate "2017.10.21"]
[EventRounds "9"]
[EventCountry "RUS"]

1. d4 Nf6 2. Nf3 g6 3. Bg5 Bg7 4. c3 O-O 5. Nbd2 d5 6. e3 Nbd7 7. Be2 Re8 8.
O-O c6 9. c4 h6 10. Bh4 g5 11. Bg3 Nh5 12. cxd5 Nxg3 13. hxg3 cxd5 14. Qb3 e6
15. Rfc1 b6 16. a4 a5 17. Nb1 Ba6 18. Bxa6 Rxa6 19. Na3 b5 20. Nxb5 Rb6 21. Qc3
Rb8 22. Qc7 Nb6 23. b3 Qf6 24. Nd6 Red8 25. Ne5 Na8 26. Qa7 Rf8 27. Qxa5 Qe7
28. Nb5 Bxe5 29. dxe5 Nb6 30. Rc7 Qd8 31. Rc6 Nd7 32. Qxd8 Rfxd8 33. f4 Rdc8
34. Rac1 Rxc6 35. Rxc6 Kf8 36. Nd4 Ke7 37. Rc7 f6 38. Nc6+  1-0

[Event "M.Chigorin Memorial 2017 "]
[Site "?????-?????????"]
[Date "2017.10.26"]
[Round "6"]
[Board "160"]
[White "Murzina, Agata"]
[Black "Razumovskiy, Mikhail"]
[Result "1-0"]
[WhiteElo "1637"]
[BlackElo "1908"]
[PlyCount "57"]
[EventDate "2017.10.21"]
[EventRounds "9"]
[EventCountry "RUS"]

1. e4 c5 2. Nf3 e6 3. c4 Nc6 4. Nc3 d6 5. d4 cxd4 6. Nxd4 Be7 7. Be3 Nf6 8. g3
Ne5 9. Bg2 O-O 10. b3 Neg4 11. Bc1 Qa5 12. Qd2 Rd8 13. O-O a6 14. Nd5 Qxd2 15.
Nxe7+ Kf8 16. Bxd2 Kxe7 17. Rad1 Ne8 18. h3 Nh6 19. e5 a5 20. exd6+ Nxd6 21.
Bc1 e5 22. Rfe1 Kf8 23. Nb5 Nhf5 24. g4 Nd4 25. Ba3 Ra6 26. Rxe5 N4xb5 27. cxb5
Rb6 28. Bc5 Rxb5 29. Rxd6  1-0

[Event "M.Chigorin Memorial 2017 "]
[Site "?????-?????????"]
[Date "2017.10.26"]
[Round "6"]
[Board "161"]
[White "Shojhet, Sofiy"]
[Black "Ageeva, Vasilisa"]
[Result "1-0"]
[WhiteElo "1905"]
[BlackElo "1649"]
[PlyCount "137"]
[EventDate "2017.10.21"]
[EventRounds "9"]
[EventCountry "RUS"]

1. Nf3 Nf6 2. b3 g6 3. Bb2 Bg7 4. e3 O-O 5. d4 d5 6. Bd3 Nbd7 7. O-O c6 8. Nbd2
Ne8 9. c4 e6 10. cxd5 exd5 11. Ba3 c5 12. Rc1 Qa5 13. Bxc5 Nxc5 14. Rxc5 Qxa2
15. Qc1 Nf6 16. Qc3 b6 17. Rc7 Qa3 18. Ra1 Qd6 19. Rcxa7 Rxa7 20. Rxa7 Bd7 21.
Ra1 Rc8 22. Qb2 Qc7 23. h3 Qb8 24. Rc1 Rc7 25. Rxc7 Qxc7 26. Qc2 Qd6 27. Ne5
Be6 28. Ndf3 Nd7 29. Qc6 Qxc6 30. Nxc6 Nf6 31. Nfe5 Kf8 32. b4 Nd7 33. Nxd7+
Bxd7 34. b5 Ke8 35. Kf1 f6 36. Ke2 Kf7 37. Kd2 Ke6 38. Kc3 Bf8 39. Nb4 f5 40.
f3 Bh6 41. Nc2 Bg7 42. g4 fxg4 43. fxg4 Kd6 44. Ne1 Be8 45. Nf3 Bf6 46. h4 Bd7
47. g5 Bg7 48. Nd2 Bf8 49. e4 dxe4 50. Nxe4+ Ke7 51. Nf6 Be8 52. Nd5+ Kd8 53.
Nxb6 Bd6 54. Nd5 Bg3 55. Nf6 Bxh4 56. Nxh7 Be1+ 57. Kc4 Bf7+ 58. Kc5 Kc7 59.
b6+ Kb8 60. Nf8 Be8 61. Bxg6 Bxg6 62. Nxg6 Bd2 63. Kc6 Bxg5 64. d5 Be3 65. Ne7
Bg5 66. d6 Bf6 67. Nd5 Bd8 68. Nc7 Bf6 69. Na6+  1-0

[Event "M.Chigorin Memorial 2017 "]
[Site "?????-?????????"]
[Date "2017.10.26"]
[Round "6"]
[Board "162"]
[White "Khodko, Yurii N."]
[Black "Rubtsov, Aleksandr"]
[Result "1-0"]
[WhiteElo "1583"]
[BlackElo "1895"]
[PlyCount "87"]
[EventDate "2017.10.21"]
[EventRounds "9"]
[EventCountry "RUS"]

1. e4 c5 2. Nf3 d6 3. d4 cxd4 4. Nxd4 Nf6 5. Nc3 a6 6. Be2 e6 7. Be3 Qc7 8. Qd2
b5 9. f3 Bb7 10. a4 bxa4 11. Nxa4 Nbd7 12. O-O Be7 13. Qc3 Qxc3 14. bxc3 O-O
15. Rfb1 Rfb8 16. Nb6 Nxb6 17. Rxb6 d5 18. Rab1 dxe4 19. Rxb7 Rxb7 20. Rxb7 Bc5
21. fxe4 g6 22. Nf5 gxf5 23. Bxc5 Nxe4 24. Bd4 a5 25. Bh5 Rf8 26. Ra7 Rb8 27.
Bxf7+ Kf8 28. Kf1 e5 29. Bxe5 Rb1+ 30. Ke2 Rg1 31. Bd5 Rxg2+ 32. Ke3 Rxc2 33.
Bxe4 fxe4 34. Kxe4 Ra2 35. Rxh7 a4 36. Ra7 Ke8 37. c4 a3 38. Kd5 Rd2+ 39. Ke6
a2 40. Ra8+ Rd8 41. Rxd8+ Kxd8 42. h4 a1=Q 43. Bf6+ Qxf6+ 44. Kxf6  1-0

[Event "M.Chigorin Memorial 2017 "]
[Site "?????-?????????"]
[Date "2017.10.26"]
[Round "6"]
[Board "163"]
[White "Zyrjanow, Leonid"]
[Black "Pradeep, Pandya"]
[Result "1-0"]
[WhiteElo "1873"]
[BlackElo "1571"]
[PlyCount "151"]
[EventDate "2017.10.21"]
[EventRounds "9"]
[EventCountry "RUS"]

1. d4 Nf6 2. Bg5 Ne4 3. h4 Nxg5 4. hxg5 e5 5. dxe5 Qxg5 6. Nf3 Qd8 7. e3 Nc6 8.
Bb5 a6 9. Bxc6 bxc6 10. Nc3 d5 11. exd6 cxd6 12. Qd3 h6 13. Qe4+ Be7 14. Qxc6+
Bd7 15. Qe4 O-O 16. Nd5 Re8 17. Nxe7+ Rxe7 18. Qd4 Bc6 19. O-O-O Re6 20. Rh2
Qa5 21. a3 Rc8 22. Qd2 Be4 23. Nd4 Qd5 24. Qb4 Qa2 25. f3 Bh7 26. e4 Ree8 27.
Qb3 Qxb3 28. Nxb3 f5 29. exf5 Re2 30. Nd4 Rf2 31. b3 Bxf5 32. Rd2 Rf1+ 33. Kb2
Bg6 34. Rh4 Re8 35. Rf4 Ree1 36. Nf5 d5 37. a4 a5 38. Kc3 Re5 39. Nd4 Re3+ 40.
Kb2 Ree1 41. Nc6 Rd1 42. Rfd4 Rb1+ 43. Kc3 Rfe1 44. Nxa5 Bf7 45. Nc6 Re8 46.
Kb4 Kf8 47. Rf4 g5 48. Rf5 Kg7 49. Re5 Rc8 50. Nd4 Kf6 51. Rde2 Rc4+ 52. Ka5
Rxd4 53. R5e3 Rf4 54. Rc3 d4 55. Rc6+ Kg7 56. Rd2 Re1 57. Rd6 Re5+ 58. Kb6 Bg6
59. a5 Be8 60. R2xd4 Rb5+ 61. Ka6 Rff5 62. b4 Rf7 63. Rb6 Re5 64. Rb7 Re2 65.
c4 Rxg2 66. b5 Ra2 67. Rxf7+ Kxf7 68. c5 Ke6 69. Rd6+ Ke7 70. Rxh6 Rb2 71. c6
Bf7 72. c7 Rc2 73. Rc6 Rxc6+ 74. bxc6 Be6 75. Kb7 Kd6 76. a6  1-0

[Event "M.Chigorin Memorial 2017 "]
[Site "?????-?????????"]
[Date "2017.10.26"]
[Round "6"]
[Board "164"]
[White "Kozlov, Mikhail"]
[Black "Popova, Polina"]
[Result "1-0"]
[WhiteElo "1813"]
[BlackElo "1560"]
[PlyCount "93"]
[EventDate "2017.10.21"]
[EventRounds "9"]
[EventCountry "RUS"]

1. Nf3 Nf6 2. g3 b6 3. Bg2 e6 4. O-O Be7 5. c4 Bb7 6. Nc3 O-O 7. d4 d5 8. Ne5
Nc6 9. Qa4 Nxd4 10. cxd5 Nxe2+ 11. Nxe2 Bxd5 12. Nc6 Bxc6 13. Bxc6 Rb8 14. Rd1
Bd6 15. Qxa7 Qe7 16. Qa4 h6 17. Be3 e5 18. Nc3 Nh7 19. Qc4 Kh8 20. Nd5 Qe6 21.
Nxb6 Qxc4 22. Nxc4 Rbd8 23. Rd2 f5 24. f4 exf4 25. gxf4 Rf6 26. Ne5 Rdf8 27.
Bg2 g5 28. Nd7 Re6 29. Bd4+ Kg8 30. Nxf8 Kxf8 31. Be5 gxf4 32. Bxd6+ cxd6 33.
Rd5 Rf6 34. a4 Ng5 35. a5 f3 36. Bf1 Ne4 37. Bh3 f2+ 38. Kf1 Ke7 39. Bxf5 Ng5
40. Kxf2 Ne4+ 41. Ke3 Nc5 42. a6 Rf8 43. Rxc5 dxc5 44. a7 Rxf5 45. a8=Q Re5+
46. Kd3 Kd6 47. Ra6+  1-0

[Event "M.Chigorin Memorial 2017 "]
[Site "?????-?????????"]
[Date "2017.10.26"]
[Round "6"]
[Board "165"]
[White "Vasilenko, Ekaterina"]
[Black "Babotin, Nikita"]
[Result "1-0"]
[WhiteElo "1806"]
[BlackElo "1530"]
[PlyCount "42"]
[EventDate "2017.10.21"]
[EventRounds "9"]
[EventCountry "RUS"]

1. e4 c5 2. Nf3 d6 3. d4 cxd4 4. Nxd4 Nf6 5. f3 e5 6. Bb5+ Bd7 7. Bxd7+ Nbxd7
8. Nf5 d5 9. exd5 g6 10. Ne3 Bh6 11. O-O O-O 12. Nc3 Rc8 13. Qe2 Re8 14. Rd1 e4
15. d6 exf3 16. Qxf3 Qb6 17. Rd3 Ne5 18. Qxf6 Nxd3 19. Ncd5 Bxe3+ 20. Bxe3 Qxb2
21. Qxb2 Nxb2  1-0

[Event "M.Chigorin Memorial 2017 "]
[Site "?????-?????????"]
[Date "2017.10.26"]
[Round "6"]
[Board "166"]
[White "Don, Aleksandr"]
[Black "Kudin, Alexander"]
[Result "1-0"]
[WhiteElo "1793"]
[BlackElo "1520"]
[PlyCount "91"]
[EventDate "2017.10.21"]
[EventRounds "9"]
[EventCountry "RUS"]

1. d4 d5 2. c4 c6 3. cxd5 cxd5 4. Nc3 Nf6 5. Bf4 Nc6 6. e3 a6 7. Bd3 e6 8. Nf3
Bd6 9. Bxd6 Qxd6 10. O-O O-O 11. Rc1 b5 12. Qd2 h6 13. a3 Bb7 14. Rc2 Rac8 15.
Rfc1 Na5 16. Nxb5 Qb6 17. Rxc8 Bxc8 18. Qc2 axb5 19. Qxc8 Nc4 20. Qc5 Qxc5 21.
dxc5 Nd7 22. b4 Ra8 23. Ra1 e5 24. Kf1 f6 25. e4 d4 26. Ke2 Kf8 27. a4 Nb8 28.
a5 Nc6 29. Rb1 g5 30. Nd2 Nxd2 31. Kxd2 Rb8 32. Be2 Ke7 33. Bg4 Kd8 34. Be6 Kc7
35. Kd3 Ne7 36. g3 Nc6 37. Bd5 Ra8 38. f4 Rf8 39. Bxc6 Kxc6 40. Rf1 f5 41. exf5
Rxf5 42. Ke4 Rf7 43. Kxe5 d3 44. Rd1 gxf4 45. gxf4 Rd7 46. Ke4  1-0

[Event "M.Chigorin Memorial 2017 "]
[Site "?????-?????????"]
[Date "2017.10.26"]
[Round "6"]
[Board "167"]
[White "Mustafayev, Nihad"]
[Black "Bugaev, Anton"]
[Result "1-0"]
[WhiteElo "1788"]
[BlackElo "1503"]
[PlyCount "129"]
[EventDate "2017.10.21"]
[EventRounds "9"]
[EventCountry "RUS"]

1. d4 Nf6 2. Nf3 e6 3. g3 b6 4. Bg2 Bb7 5. O-O Be7 6. c4 O-O 7. Nc3 d5 8. Ne5
c5 9. cxd5 exd5 10. dxc5 bxc5 11. Qb3 Nbd7 12. Qxb7 Nxe5 13. Nxd5 Nxd5 14. Qxd5
Qxd5 15. Bxd5 Rad8 16. Bg2 Nc4 17. Bf4 g5 18. b3 gxf4 19. bxc4 Rd2 20. Bf3 fxg3
21. hxg3 Rb8 22. Rfd1 Rbb2 23. Rxd2 Rxd2 24. e3 Bf6 25. Rb1 Bb2 26. Kf1 a5 27.
a4 Kf8 28. Kg2 f6 29. Rh1 Rd7 30. Be4 Kg8 31. Bd5+ Kg7 32. Rb1 Bc3 33. e4 Bb4
34. f4 Re7 35. Kf3 Kg6 36. g4 h6 37. Rb2 Re8 38. Re2 Bc3 39. Rc2 Bd4 40. Bc6
Rd8 41. Rd2 Rh8 42. Rd1 Rb8 43. Bb5 Rh8 44. Rb1 Rb8 45. Re1 Rf8 46. Re2 Kg7 47.
Bc6 Rb8 48. e5 fxe5 49. fxe5 Rb3+ 50. Ke4 Kf8 51. Kf5 Re3 52. Rxe3 Bxe3 53. Ke6
Bg5 54. Kd7 Be7 55. Bd5 Bg5 56. e6 Be7 57. Kc6 Ke8 58. Kb6 Kd8 59. Kxa5 Kc7 60.
Kb5 Bf8 61. a5 Kb8 62. a6 Ka7 63. Bb7 Be7 64. Kc6 Bf8 65. Kd7  1-0

[Event "M.Chigorin Memorial 2017 "]
[Site "?????-?????????"]
[Date "2017.10.26"]
[Round "6"]
[Board "168"]
[White "Shilnikov, Igor S."]
[Black "Timofeev, Vsevolod"]
[Result "1-0"]
[WhiteElo "1762"]
[BlackElo "1479"]
[PlyCount "77"]
[EventDate "2017.10.21"]
[EventRounds "9"]
[EventCountry "RUS"]

1. d4 Nf6 2. Nf3 g6 3. c4 Bg7 4. Nc3 O-O 5. Bg5 c5 6. d5 h6 7. Bf4 g5 8. Bc1 d6
9. Qc2 Na6 10. a3 Nc7 11. e3 e6 12. e4 exd5 13. exd5 Re8+ 14. Be2 b5 15. O-O
bxc4 16. Bxc4 Bb7 17. Rd1 g4 18. Nh4 Re5 19. Bf4 Rh5 20. Nf5 Nfe8 21. Nxg7 Kxg7
22. Qd2 Nf6 23. Qd3 Qd7 24. Qg3 Rd8 25. f3 Kh8 26. Ne4 Nce8 27. Nc3 Nc7 28. Ne4
Nce8 29. Qe1 gxf3 30. Ng3 f2+ 31. Qxf2 Rxh2 32. Be2 Rh4 33. Nf5 Rh1+ 34. Kxh1
Qxf5 35. Qh4 h5 36. Bg5 Qg6 37. Bd3 Qg7 38. Rf1 Bxd5 39. Rxf6  1-0

[Event "M.Chigorin Memorial 2017 "]
[Site "?????-?????????"]
[Date "2017.10.26"]
[Round "6"]
[Board "169"]
[White "Fedorov, Ivan"]
[Black "Biyachuev, Minkail"]
[Result "1-0"]
[WhiteElo "1745"]
[BlackElo "1475"]
[PlyCount "61"]
[EventDate "2017.10.21"]
[EventRounds "9"]
[EventCountry "RUS"]

1. d4 Nf6 2. Nc3 e5 3. Bg5 Be7 4. dxe5 Ng4 5. Bxe7 Qxe7 6. e6 dxe6 7. e4 Qb4 8.
Bd3 Qxb2 9. Nge2 Ne5 10. O-O Nxd3 11. Qxd3 Qb6 12. Rfd1 O-O 13. Qg3 Nc6 14.
Rab1 Qc5 15. Rb5 Qe7 16. Rh5 f5 17. Rg5 fxe4 18. Nf4 Rf5 19. Nxe4 Rxg5 20. Nxg5
e5 21. Nd5 Qd8 22. Qb3 Qxg5 23. Nf6+ Kf8 24. Nxh7+ Ke8 25. Nxg5 Nd4 26. Qf7+
Kd8 27. c3 c5 28. cxd4 cxd4 29. f4 Bg4 30. fxe5 Bxd1 31. e6  1-0